Historia precolombina y de los siglos XVI y XVII del sureste de Costa Rica
Zapisane w:
| 1. autor: | |
|---|---|
| Kolejni autorzy: | , |
| Format: | Nieznany |
| Język: | Spanish |
| Wydane: |
San José, Costa Rica
Ministerio de Cultura, Juventud y Deportes
1988
|
| Hasła przedmiotowe: | |
| Etykiety: |
Dodaj etykietę
Nie ma etykietki, Dołącz pierwszą etykiete!
|
MARC
| LEADER | 000000000a22000000004500 | ||
|---|---|---|---|
| 001 | 001896 | ||
| 003 | CIICLA | ||
| 005 | 20140129144023.0 | ||
| 007 | ta | ||
| 008 | 140129s1988 cr |||f |||| 00| 0 spa d | ||
| 020 | |a 9977590788 | ||
| 040 | |c cru CIICLA Universidad de Costa Rica | ||
| 041 | 0 | |a español | |
| 092 | 0 | |a 972.86 C823h | |
| 100 | 1 | |a Corrales Ulloa, Francisco | |
| 245 | 1 | 0 | |a Historia precolombina y de los siglos XVI y XVII del sureste de Costa Rica |c Francisco Corrales Ulloa, Ifigenia Quintanilla Jiménez, Orlando Barrantes C., |
| 260 | |a San José, Costa Rica |b Ministerio de Cultura, Juventud y Deportes |c 1988 | ||
| 300 | |a 100 páginas | ||
| 500 | |a número de inscripción 01178 | ||
| 650 | 4 | |a HISTORIA PRECOLOMBINA | |
| 650 | 4 | |a INDIOS COSTARRICENSES |x HISTORIA | |
| 650 | 4 | |a ARQUEOLOGIA |z COSTA RICA | |
| 700 | 1 | 2 | |a Quintanilla Jiménez, Ifigenia |
| 700 | 1 | 2 | |a Barrantes C., Orlando |
| 942 | |2 ddc |c BK | ||
| 999 | |c 2786 |d 2786 | ||



